<?xml version="1.0" encoding="UTF-8"?>
<record
    xmlns:xsi="http://www.w3.org/2001/XMLSchema-instance"
    xsi:schemaLocation="http://www.loc.gov/MARC21/slim http://www.loc.gov/standards/marcxml/schema/MARC21slim.xsd"
    xmlns="http://www.loc.gov/MARC21/slim">

  <leader>00548    a2200181   4500</leader>
  <datafield tag="999" ind1=" " ind2=" ">
    <subfield code="c">187</subfield>
    <subfield code="d">187</subfield>
  </datafield>
  <controlfield tag="008">191226b           ||||| |||| 00| 0 eng d</controlfield>
  <datafield tag="020" ind1=" " ind2=" ">
    <subfield code="a">9789352602001</subfield>
  </datafield>
  <datafield tag="041" ind1="0" ind2=" ">
    <subfield code="a">eng</subfield>
  </datafield>
  <datafield tag="082" ind1="0" ind2="0">
    <subfield code="a">658.7</subfield>
    <subfield code="b">D675</subfield>
  </datafield>
  <datafield tag="100" ind1=" " ind2=" ">
    <subfield code="a">Bowersox, Donald J.</subfield>
    <subfield code="9">390</subfield>
  </datafield>
  <datafield tag="245" ind1=" " ind2=" ">
    <subfield code="a">Supply chain logistics management</subfield>
  </datafield>
  <datafield tag="250" ind1=" " ind2=" ">
    <subfield code="a">3rd ed.</subfield>
  </datafield>
  <datafield tag="260" ind1=" " ind2=" ">
    <subfield code="a">Chennai</subfield>
    <subfield code="b">McGraw Hill Education</subfield>
    <subfield code="c">2010</subfield>
  </datafield>
  <datafield tag="300" ind1=" " ind2=" ">
    <subfield code="a">498p.</subfield>
  </datafield>
  <datafield tag="650" ind1=" " ind2="0">
    <subfield code="a">Business Logistics</subfield>
    <subfield code="x">Business Management</subfield>
  </datafield>
  <datafield tag="700" ind1=" " ind2=" ">
    <subfield code="9">393</subfield>
    <subfield code="a">Closs, David J.</subfield>
  </datafield>
  <datafield tag="942" ind1=" " ind2=" ">
    <subfield code="2">ddc</subfield>
    <subfield code="c">BK</subfield>
  </datafield>
  <datafield tag="952" ind1=" " ind2=" ">
    <subfield code="0">0</subfield>
    <subfield code="1">0</subfield>
    <subfield code="2">ddc</subfield>
    <subfield code="4">0</subfield>
    <subfield code="6">658_700000000000000_D675</subfield>
    <subfield code="7">0</subfield>
    <subfield code="9">879</subfield>
    <subfield code="a">CL</subfield>
    <subfield code="b">CL</subfield>
    <subfield code="d">2018-04-23</subfield>
    <subfield code="e">Apex Book Services</subfield>
    <subfield code="g">651.00</subfield>
    <subfield code="l">1</subfield>
    <subfield code="m">1</subfield>
    <subfield code="o">658.7 D675</subfield>
    <subfield code="p">13040</subfield>
    <subfield code="r">2024-02-06</subfield>
    <subfield code="s">2024-01-22</subfield>
    <subfield code="v">775.00</subfield>
    <subfield code="y">BK</subfield>
  </datafield>
  <datafield tag="952" ind1=" " ind2=" ">
    <subfield code="0">0</subfield>
    <subfield code="1">0</subfield>
    <subfield code="2">ddc</subfield>
    <subfield code="4">0</subfield>
    <subfield code="6">658_700000000000000_D675</subfield>
    <subfield code="7">0</subfield>
    <subfield code="9">880</subfield>
    <subfield code="a">CL</subfield>
    <subfield code="b">CL</subfield>
    <subfield code="d">2018-04-23</subfield>
    <subfield code="e">Apex Book Services</subfield>
    <subfield code="g">651.00</subfield>
    <subfield code="l">1</subfield>
    <subfield code="o">658.7 D675</subfield>
    <subfield code="p">13041</subfield>
    <subfield code="r">2024-03-07</subfield>
    <subfield code="s">2024-02-22</subfield>
    <subfield code="v">775.00</subfield>
    <subfield code="y">BK</subfield>
  </datafield>
  <datafield tag="952" ind1=" " ind2=" ">
    <subfield code="0">0</subfield>
    <subfield code="1">0</subfield>
    <subfield code="2">ddc</subfield>
    <subfield code="4">0</subfield>
    <subfield code="6">658_700000000000000_D675</subfield>
    <subfield code="7">0</subfield>
    <subfield code="9">881</subfield>
    <subfield code="a">CL</subfield>
    <subfield code="b">CL</subfield>
    <subfield code="d">2018-04-23</subfield>
    <subfield code="e">Apex Book Services</subfield>
    <subfield code="g">651.00</subfield>
    <subfield code="l">1</subfield>
    <subfield code="o">658.7 D675</subfield>
    <subfield code="p">13042</subfield>
    <subfield code="r">2024-03-12</subfield>
    <subfield code="s">2024-02-21</subfield>
    <subfield code="v">775.00</subfield>
    <subfield code="y">BK</subfield>
  </datafield>
  <datafield tag="952" ind1=" " ind2=" ">
    <subfield code="0">0</subfield>
    <subfield code="1">0</subfield>
    <subfield code="2">ddc</subfield>
    <subfield code="4">0</subfield>
    <subfield code="6">658_700000000000000_D675</subfield>
    <subfield code="7">0</subfield>
    <subfield code="9">882</subfield>
    <subfield code="a">CL</subfield>
    <subfield code="b">CL</subfield>
    <subfield code="d">2018-04-23</subfield>
    <subfield code="e">Apex Book Services</subfield>
    <subfield code="g">651.00</subfield>
    <subfield code="o">658.7 D675</subfield>
    <subfield code="p">13043</subfield>
    <subfield code="r">2019-09-16</subfield>
    <subfield code="v">775.00</subfield>
    <subfield code="y">BK</subfield>
  </datafield>
</record>
